Les plus longs fleuves d'Afrique - Statistiques

Statistiques générales
  • Ce quiz a été pris 244 fois
  • Le résultat moyen est 5 sur 10
Statistiques - réponses
Longueurs Fleuves % Correct
1 6700 km Le Nil
99%
2 4700 km Le Congo
90%
3 4184 km Le Niger
85%
4 2750 km Le Zambèze
65%
6 1750 km Le Sénégal
59%
5 2160 km L'Orange
44%
10 1346 km La Volta
26%
8= 1600 km Le Limpopo
24%
8= 1600 km L'Okavango
20%
7 1658 km Le Jubba
4%
Aucun quiz correspondant
Distribution des résultats
% des personnes avec chaque résultat
Percentile par nombre de réponses
Votre historique - résultats
Vous n’avez pas pris ce quiz